000 00292nam a2200109Ia 4500
008 200302s9999 xx 000 0 und d
100 _aKeith Williams
245 _aMaster Architect Series- Architectue Of The Specific
260 _bImages Publishing, Austraila
260 _c2009
300 _a224
999 _c4555
_d4555